Представление документа в формате RUSMARC

ПолеНазваниеЗначение
  Тип записи i
  Библиографический уровень m
001 Контрольный номер RU/IS/BASE/443870153
005 Дата корректировки 20260515120027.4
010 Индекс ISBN __
a ISBN 978-5-9677-0634-9
d Цена 204-75; 231-76
100 Данные общей обработки __
a Данные общей обработки 19141007d2014||||||| 0rusy0189 ca
101 Язык документа 0_
a Язык текста rus
102 Страна публикации __
a Страна публикации ru
105 Кодированные данные (монография) __
a Кодированные данные (монография) mu|||||||||zy
127 Кодированные данные (звукозаписи-физические характеристики) __
a Продолжительность проигрывания 03 ч 18 мин
200 Заглавие и сведения об ответственности 1_
a Заглавие Звездопад
e Сведения, относящиеся к заглавию [аудиоспектакль : 12+]
f Первые сведения об ответственности Виктор Астафьев ; [исполняют: Владимир Андреев и др. ; автор сценария Наталия Шолохова ; режиссер-постановщик Александр Пономарев ; композитор Стефан Андрусенко ; звукорежиссер Андрей Коновалов]
b Общее обозначение материала Звукозапись
210 Выходные данные 1_
a Место издания Москва
c Издательство 1С-Паблишинг
c Издательство VOX records
d Дата издания 2010
215 Физическое описание __
a Объем 1 электрон. опт. диск (Audio CD)
c Иллюстрации/тип воспроизводства mp3, stereo
d Формат 12х14 см
225 Серия 2_
a Серия 1С: Аудиокниги
225 Серия 2_
a Серия Театральный фонограф
300 Общие примечания __
a Общие примечания Информ. поддержка "Радио России"
323 Примечание о главных создателях, исполнителях, участниках __
a Примечание о главных создателях, исполнителях, участниках Семенова, Д.
323 Примечание о главных создателях, исполнителях, участниках __
a Примечание о главных создателях, исполнителях, участниках Днепровский, К.
323 Примечание о главных создателях, исполнителях, участниках __
a Примечание о главных создателях, исполнителях, участниках Андреев, В.
323 Примечание о главных создателях, исполнителях, участниках __
a Примечание о главных создателях, исполнителях, участниках Каменкова, А.
323 Примечание о главных создателях, исполнителях, участниках __
a Примечание о главных создателях, исполнителях, участниках Фраенова, Л. (скрипка)
323 Примечание о главных создателях, исполнителях, участниках __
a Примечание о главных создателях, исполнителях, участниках Козлова, В. (виолончель)
323 Примечание о главных создателях, исполнителях, участниках __
a Примечание о главных создателях, исполнителях, участниках Стрещенко, С.(труба)
323 Примечание о главных создателях, исполнителях, участниках __
a Примечание о главных создателях, исполнителях, участниках Родионов, В. (фортепиано)
323 Примечание о главных создателях, исполнителях, участниках __
a Примечание о главных создателях, исполнителях, участниках Сунцев, В.(исполн.)
323 Примечание о главных создателях, исполнителях, участниках __
a Примечание о главных создателях, исполнителях, участниках Скунцев, Ф.(исполн.)
330 Аннотация __
a Аннотация «Звездопад» - одно из самых известных произведений Виктора Астафьева. Это баллада о любви простого солдата, попавшего в тяжелое военное время в госпиталь, где и разворачивается эта трогательная история.
333 Примечание о целевом назначении __
a Примечание о целевом назначении 12+. Для детей старше 12 лет
337 Примечание о системных требованиях (электронные ресурсы) __
a Примечание о системных требованиях (электронные ресурсы) Системные требования: MS Windows ; Pentium 100 ; RAM 16 Мб ; SVGA, 800x600 ; CD/DVD-ROM ; звуковая карта ; колонки или наушники ; мышь ; аудиосистемы с поддержкой формата MP3: музыкальный центр ; CD/DVD-плеер и т.д.
606 Тематические рубрики __
a Основная рубрика Музыка и зрелищные искусства
606 Тематические рубрики __
a Основная рубрика Художественное радиовещание
610 Ключевые слова 0_
a Ключевые слова радиоспектакли
a Ключевые слова тема Великой Отечественной войны
a Ключевые слова тема войны
a Ключевые слова тема любви
a Ключевые слова тема солдат
a Ключевые слова тема солдатской жизни
686 Индексы других классификаций __
a Классификационный индекс 85.381.3(2)-7я04; ст85.38я0
700 Автор _1
a Фамилия Астафьев
b Имя В. П.
f Даты 1924-2001
g Полное личное имя Виктор Петрович
4 Код отношения 070
702 Вторичная интеллектуальная ответственность _1
a Фамилия Шолохова
b Имя Н.
4 Код отношения Сценарист
g Полное личное имя Наталия
4 Код отношения 690
702 Вторичная интеллектуальная ответственность _1
a Фамилия Пономарев
b Имя А.
4 Код отношения Режиссер
g Полное личное имя Александр
4 Код отношения 070
702 Вторичная интеллектуальная ответственность _1
a Фамилия Андрусенко
b Имя С.
4 Код отношения Композитор
g Полное личное имя Стефан
4 Код отношения 230
702 Вторичная интеллектуальная ответственность _1
a Фамилия Коновалов
b Имя А. С.
4 Код отношения Звукорежиссер
g Полное личное имя Андрей С.
4 Код отношения 570
801 Источник записи _0
a Страна ru
b Организация Муниципальное бюджетное учреждение культуры "Централизованная библиотечная система" г. Сургут (Центральная городская библиотека им. А. С. Пушкина)
c Дата составления 20141007
g Правила каталогизации КиК/Коробейникова; КиК/Котельникова
801 Источник записи _1
a Страна ru
b Организация Муниципальное бюджетное учреждение культуры "Централизованная библиотечная система" г. Сургут (Центральная городская библиотека им. А. С. Пушкина)
c Дата составления 20141007
g Правила каталогизации КиК/Коробейникова; КиК/Котельникова
852 Данные о местонахождении __
j Шифр хранения 85.381.3(2)-7я04
i Авторский знак А 91
901 Тип документа __
t Тип документа 0
903 Характеристики (МАРС) __
a Дата передачи 20141009; 20140123
969 Тип издания __
a Тип издания аудиоспектакль; издание для слепых
990 Данные о заказе (DOS) __
j Количество экземпляров (DOS) 7; 4
t N записи в КСУ для И/У (DOS) 201410; 201401